|
|
|
|
| LEADER |
00000cam a2200000 7i4500 |
| 001 |
0000134383 |
| 005 |
20100702.0 |
| 090 |
0 |
0 |
|a 371.30281
|b MOH
|
| 100 |
0 |
|
|a Roslan Mustafa
|
| 245 |
1 |
0 |
|a Petua menghadapi peperiksaan [
|h cd audio] :
|b Dato' Dr. Haji Mohd Fadzilah Kamsah
|c Roslan Mustafa
|
| 260 |
|
|
|a Kuala Lumpur :
|b Telaga Biru Sdn Bhd ,
|c 2003
|
| 300 |
|
|
|a 1 CD audio (53 minutes)
|
| 500 |
|
|
|a Library has 1 copy
|
| 600 |
0 |
0 |
|a Mohd Fadzilah Kamsah ,
|c Dato' Dr. Hj.
|
| 650 |
0 |
0 |
|a Motivation and personality
|
| 650 |
0 |
0 |
|a Self improvement
|
| 999 |
|
|
|a AV 23845
|b VIDEO COMPACT DISC
|c PINJAMAN
|e PERPUSTAKAAN KOMUNITI PETALING JAYA
|